Estadísticas para Países de Europa en un Minuto

Haz click aquí para tomar la prueba!

Estadísticas generales

  • Esta prueba ha sido tomada 41.502 veces
  • La puntuación promedio es 24 de 45

Respuestas en el mapa

Las respuestas están codificadas por una escala verde-roja en el mapa de la prueba según el % correcto abajo.
Cargando...
 

Estadísticas de respuestas

Países% Correcto
España
95%
Francia
92%
Alemania
86%
Portugal
86%
Italia
85%
Reino Unido
83%
Irlanda
81%
Noruega
81%
Suecia
81%
Islandia
75%
Finlandia
74%
Rusia
72%
Suiza
70%
Bélgica
66%
Polonia
64%
Países Bajos
61%
Andorra
59%
Dinamarca
58%
Estonia
57%
Grecia
55%
Letonia
54%
Lituania
54%
Ucrania
54%
Austria
46%
Mónaco
44%
Bielorrusia
43%
Ciudad del
Vaticano
42%
Luxemburgo
41%
Rumania
39%
San Marino
37%
Croacia
36%
Malta
34%
Bulgaria
33%
Hungría
33%
Albania
32%
Serbia
32%
Eslovaquia
31%
Eslovenia
31%
República
Checa
31%
Moldavia
27%
Bosnia y
Herzegovina
26%
Kosovo
25%
Liechtenstein
24%
Montenegro
23%
Macedonia
del Norte
22%

Distribución de puntuación

Porcentaje por número respondido

Porcentaje de gente con cada puntuación

Historial de tus puntuaciones

No has tomado esta prueba